Provinces of Vanuatu Map Quiz - Statistics

General Stats
  • This quiz has been taken 435 times
  • The average score is 2 of 6
Answers on the Map
Answers color-coded by a green-red scale on the quiz's map according to % correct below.
 
Answer Stats
Answer % Correct
Malampa
49%
Pénama
45%
Torba
42%
Shéfa
39%
Taféa
38%
Sanma
37%
No matching quizzes found
Score Distribution
Percent of People with Each Score
Percentile by Number Answered
Your Score History
You have not taken this quiz